Aguafiestas : (Registro nro. 7230)

Detalles MARC
000 -LIDER
fixed length control field 00752nam a2200217 a 4500
001 - NÚMERO DE CONTROL
Identificador de número de control 000044514
003 - IDENTIFICACDOR DE NÚMERO DE CONTROL
control field DO-SdBNP
005 - DATE AND TIME OF LATEST TRANSACTION
control field 20180222102929.0
007 - CAMPOS FIJOS DE DESCRIPCIÓN FÍSICA
fixed length control field 000044514
008 - ELEMENTOS DE LONGITUD FIJA
fixed length control field 140704s20uu dr a 000 0 spa d
040 ## - FUENTE DE CATALOGACIÓN
Agencia que crea de manera original el registro BPMET
Idioma de catalogación spa
Agencia que realiza la transcripción BPMET
100 1# - ASIENTO PRINCIPAL -- NOMBRE PERSONAL
Nombre personal Navarro, Agustín
245 10 - MENCIÓN DE TITULO
Título Aguafiestas :
Subtítulo contra la violencia intrafamiliar, versión popular de la Ley 24-97 /
Mención de responsabilidad Agustín Navarro ; ilustración Cristian Hernández.
260 ## - PUBLICACIÓN, DISTRIBUCIÓN, ETC. (PIE DE IMPRENTA)
Lugar de publicación, distribución, etc Santo Domingo :
Nombre del editor, distribuidor, etc. PROFAMILIA,
Fecha de publicación, distribución, etc [190?].
300 ## - DESCRIPCIÓN FÍSICA
Extensión 28 p. :
Otros detalles físicos il. ;
Dimensiones 29 cm.
700 12 - ASIENTO SECUNDARIO -- NOMBRE PERSONAL
Nombre personal Hernández Cristian
Mención de responsabilidad il.
710 2# - ASIENTO SECUNDARIO -- NOMBRE CORPORATIVO
Nombre corporativo o de jurisdicción Asociación Dominicana Pro-Bienestar de la Familia (PROFAMILIA,)
942 ## - ADDED ENTRY ELEMENTS (KOHA)
Source of classification or shelving scheme Dewey Decimal Classification
Koha item type Libros
945 ## - INFORMACIÓN DE PROCESAMIENTO LOCAL
Información de procesamiento local Inventariado, 2018 / BT
956 ## - LOCAL ELECTRONIC LOCATION AND ACCESS (OCLC)
Nombre de host VMATEO
Número de acceso 10
Información de compresión 20140707
Inicio de sesión BPMSU
Procesador de solicitud 0069
Existencias
Withdrawn status Lost status Source of classification or shelving scheme Damaged status Not for loan Collection code Home library Current library Date acquired Source of acquisition Total Checkouts Barcode Date last seen Price effective from Koha item type Copy number
    Dewey Decimal Classification     Colección Infantil General Biblioteca Pública Metropolitana Salomé Ureña Biblioteca Pública Metropolitana Salomé Ureña 01/27/2015 Sin sellar   BPMSU15040757 01/27/2015 01/27/2015 Libros  
    Dewey Decimal Classification     Colección Infantil General Biblioteca Pública Metropolitana Salomé Ureña Biblioteca Pública Metropolitana Salomé Ureña 01/27/2015     BPMSU15040758 01/27/2015 01/27/2015 Libros e. 2